005540000a22001450004500008004100000082001600041245010200057260008100159300001600240650002300256700001600279942000700295952009100302999001500393230817t ||||| |||| 00| 0 eng d a305.42bFEM aFeminist legal theory and practice training :b14-18 May 2004, Colombo, Sri Lanka -summary report aChiangmai :bAsia Pacific Forum on Women, Law and Development (APWLD),c2004 aiii., 90 p. aFEMINIST MOVEMENTS aPusey, Lisa cRP 00104070aMAINbMAINd2023-08-17l0o305.42 FEMpRAF4319r2023-08-17w2023-08-17yRP c1954d1954